000 00352nam a2200145Ia 4500
008 230917s9999||||xx |||||||||||||| ||und||
040 _e43509
_aMAIN
041 _aEnglish
082 _a821.7 T258T:S
100 _aTennyson, Hallam, ed
245 0 _aStudies in Tennyson
260 _aLondon
_bMacmillan
_c1981
300 _axiv, 229 p.
942 _cBK
999 _c221267
_d221267